00649nam a22002297a 450000500170000001000150001702000260003203500130005803500170007103500130008803700130010103700270011408200150014110000180015624500580017425000150023226000400024727000340028730000280032150000500034970000200039920180226102757.0 aENG-107804 a9789325960107c495.00 aEN-91337 aB-537650-664 aB-664863 bDBAD/PUB bMallika Books/Venadpl 28tha347.7 aKuchhal, M.C. aMercantile law /cby M.C. Kuchhal [and] Vivek Kuchhal a8th rev ed aNoidabVikas Publishing Housec2013 aE-28, Sector-8bNoidae201301 axxix,690 p. c22cm(pbk) aIncludes bibliographical references and index a Kuchhal, Vivek